000 01294cam a2200253 4500
001 WB@3612-386
008 041104n2004 000 0 eng u
035 _a(Sirsi) u127903
245 _aHousing needs of disabled people
260 _c2004
490 _aODPM News Release
_v(2004/0258) 3 November 2004 (2)
520 _a"Delivering housing adaptations for disabled people" has been published jointly by the ODPM, Department of Health and Department of Education and Skills. The guide provides a comprehensive checklist and advice to councils, particularly for housing and social service authorities on how an efficient adaptations service can best be organised, as well as how it can be effectively delivered to meet the needs of the disabled person within a reasonable target time. There is also detailed advice on the operation of the Disabled facilities grant programme. For more information visit the website. http://www.odpm.gov.uk/pns/displaypn.cgi?pn_id=200 4_0258
590 _aWB
590 _aWB
650 _aDISABLED ACCESS
650 _aHOUSE BUILDING
650 _aDISABLED FACILITIES GRANT
650 _aLOCAL GOVERNMENT
650 _aLOCAL AUTHORITIES
650 _aHOUSING ASSOCIATION
650 _aACCESSIBLE HOUSING
690 _aHOUSING
942 _n0
999 _c118272
_d118272